000 00373nab a2200133Ia 4500
003 ES-SlBCS
005 20210601131731.0
008 140529s1952 xxu||||| |||| 00| 0 fre d
041 _afre
100 1 _aCausse, André
_9188407
245 0 0 _aMagistrat, Halte! Danger!
_c André Causse
773 0 _tVie Intelectuelle (La)
_gnº. 4, 1952, págs. 114-115
_wRev907
942 _cAR
999 _c567843
_d567843